00868nam a2200205 u 450000100100000000500170001000800410002702000150006804000250008308200130010810000450012124501590016626000560032530000210038150000660040270000510046804900090051995201170052899900170064500002325620200930022107.0101201s1998 mx 000 0 spa d a9687669179 aDO-SdBNPbspacBNPHU ann*bnn*1 aHernández Chong Cuy, María A.94788913aLa defensa jurisdiccional del municipio y las controversias constitucionales /cMaría A. Hernández Chong Cuy ; prólogo Juventino V. Castro y Castro. aMéxico, D. F. :bUniversidad Panamericana,c1998. a249 p. ;c22 cm. aIncluye referencias bibliográficas al pie de las páginas.1 aCastro y Castro, Juventino V.,epról.947890 aBNGR 001054708MOaGRbGRcCTd2010-12-01iLF1l0onn* nn*p23256-10r2020-06-25w2020-06-25y4ZPréstamo en sala c22753d22753